00313nam a2200121Ia 4500008004100000245002500041245005300066260001500119260000900134300002000143300001400163300001400177160319s9999 xx 000 0 und d 4aThe Sound of Music / cA Rodgers & Hammerstein Organization Production. bBMG Music. c1995 a1 sound disc :  bdigital : c4 3/4 in.